000 00711cab a2200229 4500
001 WB3503-25
008 090401t1999 xxu||||| |||| 00| 0 eng d
035 _a(Sirsi) u90758
041 _aeng
245 _aPFI bank
260 _c1999
350 _a0
490 _aSunday Business
_v17 January 1999, 3(1)
520 _aTreasury is considering setting up a Government Investment Bank to take control of Labour`s public-private partnership initiative.
650 _aGOVERNMENT INVESTMENT BANK
650 _aPRIVATE FINANCE INITIATIVE
650 _aPROJECT FINANCE
650 _aPUBLIC PRIVATE PARTNERSHIPS
690 _aPROPERTY-PROPERTY FINANCE AND INVESTMENT
942 _n0
948 _c19/01/1999
999 _c57554
_d57554